=LDR 00000nam 2200000 4500 =001 INLIS000000000006497 =005 20251110012623 =035 ##$$a 0010-1125000371 =007 ta =008 251110###########################0#ind## =082 ##$$a 305.4 =084 ##$$a 305.4 BAD p =245 1#$$a Peran Wanita Dalam Pembangunan Pedesaan : $b - /$c Badan Koordinasi Keluarga Berencana Nasional =260 ##$:$b Badan Koordinasi Keluarga Berencana Nasional =300 ##$$a 9 hal : $b - ; $c 21 cm =650 #4$$a Keluarga Berencana =110 #$$a Badan Koordinasi Keluarga Berencana Nasional =856 ##$$a Perpustakaan Kemendukbangga